20 Hard Riddles Quiz Stats

 Plays Quiz not verified by Sporcle

Support Sporcle.
Go Orange.
Score 0/20 Timer 15:00
0 Plays Today
Riddle Answer % Correct
If I say, 'Everything I tell you is a lie,' am I telling the truth or a lie?lie
65.9%
What gets wetter and wetter the more it dries?a towel
63.2%
What is broken every time spoken?silence
60%
How many letters are in the alphabet?11
59.5%
If it has a quart capacity, how many pennies can you put in to an empty piggy bank?1
58.6%
If there are three cups of sugar and you take one away, how many do you have?1
58.6%
There are 3 stoves: a glass, brick, and wooden stove. You have 1 match. Which do you light up first?the match
55.4%
What can travel around the world while staying in a corner?a stamp
55.1%
Food can help me survive, but water will kill me. What am I?fire
54.1%
Mom and Dad have four daughters, and each daughter has one brother. How many people are in the family?7
51.4%
Riddle Answer % Correct
If your sock drawer has 6 black socks, 4 brown socks, 8 white socks, and 2 tan socks, how many socks would you have to pull out in the dark to be sure you had a matching pair?5
32.4%
Take away the whole and some still remains. What is it?the word 'wholesome'
31.4%
What English word has the same pronunciation when four letters are taken away from it?queue
24.6%
What stinks when living and smells good when dead?bacon
16.8%
Why wasn't Bertha put in jail for killing dozens of people?She's a hurricane
14.1%
When is it bad luck to meet a white cat?When you're a mouse
13.5%
Why wasn't John able to take a photo of his mother with curlers?You need a camera
13.2%
What row of numbers comes next in this sequence? 1, 11, 21, 1211, 111211, 312211, 131122211113213211
10.8%
What work can a painter never quite finish?an autobiography
9.5%
How did Mark legally marry three women in Michigan without divorcing any of them, becoming legally separated, or any of them dying?It's his job
8.4%

You're not logged in!

Compare scores with friends on all Sporcle quizzes.
OR
Log In

From the Vault

Top 20 Cities of Poland on a Map

by DingoDongo

We hope you've Polish-ed up on your European cities.
Remove Ads.
Support Sporcle.
Get the best of Sporcle when you Go Orange. This ad-free experience offers more features, more stats, and more fun while also helping to support Sporcle. Thank you for becoming a member.

Show Comments

Extras

Created Mar 26, 2012ReportNominate
Tags:hard, reason, riddle

Top Quizzes Today


Score Distribution

Your Account Isn't Verified!

In order to create a playlist on Sporcle, you need to verify the email address you used during registration. Go to your Sporcle Settings to finish the process.

Report this User

Report this user for behavior that violates our Community Guidelines.

Details: